000 00726nam a2200229 4500
001 138531
003 ES-MaACL
005 20250830063929.0
007 t|
008 070214s1975 sp r ||||1| spa d
100 1 _aSan, Isidro María.
_9102225
245 1 0 _aExégesis y teología /
_cIsidro Mª Sans, José de Goitia, Josep Amengual Batle.
260 _aBilbao :
_bUniversidad de Deusto,
_c1975.
300 _a273 p. ;
_c23 cm.
490 1 _aTeología Deusto
700 1 _aGoitia, José de.
_957628
700 1 _aAmengual i Batle, Josep,
_d1938-
_921201
710 2 _aUniversidad de Deusto.
_97172
830 0 0 _aTeología Deusto
_9185747
852 _aES-MaACL
_jE-9003
_bR.93478
999 _c138531
_d138531